Materiales dentales (Registro nro. 5342)
[ vista simple ]
| 000 -CABECERA | |
|---|---|
| campo de control de longitud fija | 00969atm a2200349 4500 |
| 005 - FECHA Y HORA DE ACTUALIZACIÓN | |
| campo de control | 20220905112255.0 |
| 008 - LONGITUD FIJA | |
| campo de control de longitud fija | 150511b xxu||||| |||| 00| 0 spa d |
| 041 ## - IDIOMA | |
| Código de idioma del texto/pista de sonido o título separado | |
| 082 ## - CLASIFICACIÓN DECIMAL DEWEY | |
| Número de clasificación | 617.695 M133m4 |
| 100 ## - AUTOR PERSONAL | |
| Nombre de persona | Macchi, Ricardo Luis |
| 245 ## - TÍTULO PROPIAMENTE DICHO | |
| Título | Materiales dentales |
| 250 ## - EDICIÓN | |
| Mención de edición | 4 edición |
| 260 ## - PIE DE IMPRENTA | |
| Lugar de publicación, distribución, etc. | Argentina |
| Nombre del editor, distribuidor, etc. | Médica Panamericana |
| Fecha de publicación, distribución, etc. | 2007 |
| 300 ## - DESCRIPCIÓN FÍSICA | |
| Extensión | 420 páginas |
| 650 ## - Materia General | |
| Materia general | MATERIALES DENTALES |
| 650 ## - Materia General | |
| Materia general | RESTAURACIONES PLÁSTICAS |
| 650 ## - Materia General | |
| Materia general | IMPRESIONES |
| 650 ## - Materia General | |
| Materia general | MODELOS |
| 650 ## - Materia General | |
| Materia general | CORONAS Y PUENTES |
| 650 ## - Materia General | |
| Materia general | ALGINATOS |
| 650 ## - Materia General | |
| Materia general | INCRUSTACIONES |
| 650 ## - Materia General | |
| Materia general | CERÓMEROS |
| 650 ## - Materia General | |
| Materia general | AMALGAMA |
| 650 ## - Materia General | |
| Materia general | YESO |
| 650 ## - Materia General | |
| Materia general | ELASTÓMEROS |
| 650 ## - Materia General | |
| Materia general | PORCELANA |
| 650 ## - Materia General | |
| Materia general | ENDODONCIA |
| 650 ## - Materia General | |
| Materia general | ORTODONCIA |
| 650 ## - Materia General | |
| Materia general | IMPLANTOLOGÍA |
| 650 ## - Materia General | |
| Materia general | CUBETAS INDIVIDUALES |
| 942 ## - Punto de Acceso Adicional Koha | |
| Tipo de ítem Koha | Libro |
| Estado perdido | Estado dañado | No para préstamo | Biblioteca permanente | Biblioteca actual | Signatura completa | Código de barras | Precio efectivo a partir del | Tipo de ítem |
|---|---|---|---|---|---|---|---|---|
| Departamento de Biblioteca y Documentación Alfonso Chase Brenes | Departamento de Biblioteca y Documentación Alfonso Chase Brenes | 617.695 M133m4 | 14339 | 03/02/2017 | Libro |